LEADER 01237nam a2200289 i 4500 001 000000034195 003 CaOOAMICUS 005 20240405101552.0 008 040823s1987 it u000 u ita u 013 $a350 020 $a88-372-1316-6 040 $aSeMil$bita 100 1 $aDobraczy?ski, Jan,$d<1910-1994>.$0(OLS)http://semarc/name/15639 240 10$aGrom uderza po raz trzeci.$0(OLS)http://semarc/title/46131 245 13$aLa folgore colpisce per la terza volta :$bil romanzo di Giovanni Battista /$cJan Dobraczynski. 260 $aBrescia :$bMorcelliana,$ccopyr. 1987. 300 $a160 p. ;$c20 cm. 500 $aIn occhietto : Dedica autografa dell'Autore. - Fondo Card. C.M. Martini. 600 04$aGiovanni Battista .$0(OLS)http://semarc/subject/5678 850 $aSeMil 852 $aSeMil$W1$xVenegono$y1$m1O IV 22$j350$B350$CSeMilBibl$Z2$F350 $81 941 1 $a4 961 $aOmaggio: Martini Card. Carlo Maria 996 $6020$a88-372-1316-6$9(OLS)http://semarc/number/1854 996 $6245$aLa folgore colpisce per la terza volta :$bil romanzo di Giovanni Battista$9(OLS)http://semarc/title/46130 996 $6260$aBrescia :$bMorcelliana$9(OLS)http://semarc/publisher/29629 LEADER 01736nam a2200325 i 4500 001 000000349229 003 CaOOAMICUS 005 20220125125828.0 008 220125s2003 gw m u000 u eng u 013 $a11026 020 $a3-16-148164-X 040 $aSeMil$bita 100 1 $aJohns, Loren L.,$d<1955- >.$0(OLS)http://semarc/name/74045 245 14$aThe lamb christology of the Apocalypse of John :$ban investigation into its origins and rhetorical force /$cLoren L. Johns. 264 1$aTübingen :$bMohr Siebeck,$c2003. 300 $aXI, 276 p. ;$c24 cm. 490 1 $aWissenschaftliche Untersuchungen zum Neuen Testament. 2. Reihe ;$v167 500 $aTitolo originale della tesi: The origins and rhetorical force of the lamb christology of the Apocalypse of John 502 $aTesto rivisto della tesi, Princeton, N.J., 1998 504 $aBibliography, p. [223]-244 650 4$aBibbia - Gesù Cristo.$0(OLS)http://semarc/subject/2149 650 4$aGesù Cristo - Agnello di Dio.$0(OLS)http://semarc/subject/51566 650 4$aBibbia. Nuovo Testamento. Apocalisse - Commentari, studi, critica, interpretazioni.$0(OLS)http://semarc/subject/1763 830 0$aWissenschaftliche Untersuchungen zum Neuen Testament. 2. Reihe ;$v167.$0(OLS)http://semarc/title/3999 850 $aSeMil 852 $aSeMil$W1$xVenegono$y1$m2XA D 167$j231453$B240289$CSeMilBibl$Z2$F240289 $81 996 $6020$a3-16-148164-X$9(OLS)http://semarc/number/295135 996 $6245$aThe lamb christology of the Apocalypse of John :$ban investigation into its origins and rhetorical force$9(OLS)http://semarc/title/438766 996 $6264$aTübingen :$bMohr Siebeck$9(OLS)http://semarc/publisher/30329